الوثائق الدولية لحرب 6 أكتوبر 1973/ (Record no. 37290)
[ view plain ]
| 000 -LEADER | |
|---|---|
| fixed length control field | 01211nam a2200301 i 4500 |
| 003 - CONTROL NUMBER IDENTIFIER | |
| control field | EG-GICUC |
| 005 - DATE AND TIME OF LATEST TRANSACTION | |
| control field | 20260121101040.0 |
| 008 - FIXED-LENGTH DATA ELEMENTS--GENERAL INFORMATION | |
| fixed length control field | 251025s1973 ua ||||fr|||| 000 0 ara d |
| 040 ## - CATALOGING SOURCE | |
| Original cataloging agency | EG-GICUC |
| Language of cataloging | ara |
| Transcribing agency | EG-GICUC |
| Modifying agency | EG-GICUC |
| Description conventions | rda |
| 041 0# - LANGUAGE CODE | |
| Language code of text/sound track or separate title | ara |
| 082 04 - DEWEY DECIMAL CLASSIFICATION NUMBER | |
| Edition number | 21 |
| Classification number | 341.2 |
| Item number | م ج . و |
| 092 04 - LOCALLY ASSIGNED DEWEY CALL NUMBER (OCLC) | |
| Edition number | 21 |
| 099 ## - LOCAL FREE-TEXT CALL NUMBER (OCLC) | |
| Classification number | Law1 11 341.2 م ج . و 1973 |
| 110 ## - MAIN ENTRY--CORPORATE NAME | |
| Corporate name or jurisdiction name as entry element | مجلس الشعب |
| Subordinate unit | لجنة العلاقات الخارجية |
| Relator term | مؤلف. |
| 245 ## - TITLE STATEMENT | |
| Title | الوثائق الدولية لحرب 6 أكتوبر 1973/ |
| Statement of responsibility, etc. | مجلس الشعب. |
| 246 ## - VARYING FORM OF TITLE | |
| Title proper/short title | World Community Documents On The 6th October 1973 War |
| 264 #1 - PRODUCTION, PUBLICATION, DISTRIBUTION, MANUFACTURE, AND COPYRIGHT NOTICE | |
| Place of production, publication, distribution, manufacture | القاهرة: |
| Name of producer, publisher, distributor, manufacturer | مجلس الشعب-لجنة العلاقات الخارجية, |
| Date of production, publication, distribution, manufacture, or copyright notice | 1973. |
| 300 ## - PHYSICAL DESCRIPTION | |
| Extent | ؛66 صفحة |
| Dimensions | 24 سم |
| 336 ## - CONTENT TYPE | |
| Source | rda content |
| Content type term | text |
| 337 ## - MEDIA TYPE | |
| Source | rda media |
| Media type term | Computer |
| 338 ## - CARRIER TYPE | |
| Source | rda carrier |
| Carrier type term | Online Resource |
| 546 ## - LANGUAGE NOTE | |
| Language note | النص أغلبه باللغة العربية بعض النصوص الإنجليزية والفرنسية |
| 650 14 - SUBJECT ADDED ENTRY--TOPICAL TERM | |
| Topical term or geographic name entry element | القانون الدولي العام |
| 650 14 - SUBJECT ADDED ENTRY--TOPICAL TERM | |
| Topical term or geographic name entry element | المجتمع الدولي |
| 856 40 - ELECTRONIC LOCATION AND ACCESS | |
| Uniform Resource Identifier | <a href="https://fll.law.cu.edu.eg/fulltext/bks/B11-06447.pdf">https://fll.law.cu.edu.eg/fulltext/bks/B11-06447.pdf</a> |
| 905 ## - Cataloger and Reviser Names | |
| Cataloger Name: | |
| 942 ## - ADDED ENTRY ELEMENTS (KOHA) | |
| Source of classification or shelving scheme | Dewey Decimal Classification |
| Koha item type | Books |
| Edition | 21 |
| Suppress in OPAC | No |
| Withdrawn status | Lost status | Source of classification or shelving scheme | Damaged status | Not for loan | Collection | Home library | Current library | Date acquired | Total checkouts | Full call number | Barcode | Date last seen | Copy number | Price effective from | Koha item type |
|---|---|---|---|---|---|---|---|---|---|---|---|---|---|---|---|
| Dewey Decimal Classification | Not for loan | القانون الدولي العام | جــــامعة القــاهرة | مكتبة كلية الحقوق - المبنى الرئيسي | 25.10.2025 | Law1 11 341.2 م ج . و 1106447 1973 C1 | B11-06447 | 25.10.2025 | 1 | 25.10.2025 | Books |